Countries With The Most Dutch Ancestry - Statistics

General Stats
  • This quiz has been taken 53 times
  • The average score is 19 of 25
Answer Stats
Dutch Country % Correct
350,000 Germany
100%
14,05 mil Netherlands
98%
4,20 mil United States
98%
6,13 mil Belgium
96%
45,000 Spain
96%
1,09 mil Canada
94%
57,500 United Kingdom
94%
995,000 France
90%
1,01 mil Brazil
88%
2,68 mil South Africa
84%
380,000 Australia
82%
17,300 Sweden
82%
13,600 Portugal
80%
435,000 Argentina
78%
37,000 Denmark
78%
80,000 New Zealand
76%
20,000 Switzerland
76%
850,000 Indonesia
71%
150,000 Chile
67%
12,500 Suriname
61%
50,000 Namibia
55%
22,500 Uruguay
53%
20,000 Turkey
47%
18,750 Venezuela
45%
40,000 Sri Lanka
18%
No matching quizzes found
Score Distribution
Percent of People with Each Score
Percentile by Number Answered
Your Score History
You have not taken this quiz